000
00297nam a2200109Ia 4500
008
200302s9999 xx 000 0 und d
100
_a
Riichi Miyake
245
_a
Shigeru Ban- Paper in Architecture
260
_b
Rizzoli International Publications Inc. New York
260
_c
2009
300
_a
232 P.,
999
_c
4411
_d
4411